Right before your eyes / Ellen Shanman.
Available copies
- 1 of 1 copy available at LARL/NWRL Consortium.
Current holds
0 current holds with 1 total copy.
Show Only Available Copies
| Location | Call Number / Copy Notes | Barcode | Shelving Location | Status | Due Date |
|---|---|---|---|---|---|
| Roseau Public Library | SHA (Text) | 35500004040216 | Main | Available | - |
Record details
- ISBN: 9780385340519 (trade pbk.)
- Physical Description: 306 p. ; 21 cm.
- Publisher: New York : Delta, 2007.
Search for related items by subject
| Subject: | Women dramatists > Fiction. |
| LDR | 00731cam a22002298a 4500 | ||
|---|---|---|---|
| 001 | 81008 | ||
| 003 | LARL_NWRL_CONSORTIUM | ||
| 005 | 20070606025230.0 | ||
| 008 | 061011s2007 nyu 000 1 eng | ||
| 010 | . | ‡a2006034034 | |
| 020 | . | ‡a9780385340519 (trade pbk.) | |
| 035 | . | ‡a(DLC)14590860 | |
| 035 | . | ‡a(DLC)2006034034 | |
| 040 | . | ‡aDLC ‡cDLC | |
| 082 | 0 | 0. | ‡a813/.6 ‡222 |
| 100 | 1 | . | ‡aShanman, Ellen. ‡0(LARL_NWRL_CONSORTIUM)196585 |
| 245 | 1 | 0. | ‡aRight before your eyes / ‡cEllen Shanman. |
| 260 | . | ‡aNew York : ‡bDelta, ‡c2007. | |
| 300 | . | ‡a306 p. ; ‡c21 cm. | |
| 650 | 0. | ‡aWomen dramatists ‡vFiction. | |
| 901 | . | ‡a81008 ‡bISxN ‡c81008 ‡tbiblio | |

Add to basket
Permalink
Disable Highlighting